000 00798cab a2200241 4500
001 WB3508-36
008 090401t1999 xxu||||| |||| 00| 0 eng d
035 _a(Sirsi) u91601
041 _aeng
245 _aValue drop unlikely
260 _c1999
350 _a0
490 _aIrish Times - Commercial Property
_v24 February 1999, 2(1)
520 _aCommercial and residential property values in Ireland, are unlikely to fall significantly once the market peaks according to a recent survey by the Society of Chartered Surveyors.
650 _aPROPERTY-COMMERCIAL PROPERTY-COMMERCIAL PROPERTY MARKET
650 _aFORECASTS
650 _aHOUSE PRICES
650 _aIRELAND
650 _aRESIDENTIAL PROPERTY MARKET
690 _aOVERSEAS-EUROPE
942 _n0
948 _c25/02/1999
999 _c58164
_d58164